| 000 | 00994cam a2200289 4500 | ||
|---|---|---|---|
| 008 | 090401t1998 xxu||||| |||| 00| 0 eng d | ||
| 020 | _a0854068899 | ||
| 035 | _a(Sirsi) u86142 | ||
| 041 | _aeng | ||
| 050 | _a333.0062 | ||
| 110 |
_aRoyal Institution of Chartered Surveyors _94900 |
||
| 245 | _aRoyal charter and bye-laws 1973 (amended 1975, 1977, 1978, 1980, 1981, 1985, 1986, 1988, 1990, 1993, 1995 and 1998). | ||
| 250 | _a(Rev. ed.) | ||
| 260 |
_aLondon _bRICS _c1998 |
||
| 300 | _a1v. (loose-leaf) ; 30cm. | ||
| 350 | _a7 | ||
| 520 | _aSUPERSEDED BY 1999 EDITION. Incorporates all amendments up to and including those allowed by the Privy Council on 24 June 1998. | ||
| 650 | _aABOUT RICS-RICS MEMBERS | ||
| 650 | _aMEMBERSHIP | ||
| 650 | _aPROFESSIONAL PRACTICE | ||
| 650 | _aRICS BYE-LAWS | ||
| 650 | _aRICS ROYAL CHARTER | ||
| 650 | _aRICS RULES OF CONDUCT | ||
| 690 | _aMANAGEMENT-BUSINESS MANAGEMENT-PROFESSIONAL PRACTICE | ||
| 942 | _n0 | ||
| 948 | _c12/05/1998 | ||
| 999 |
_c97112 _d97112 |
||